00917nam a2200217 a 450000100100000000500170001000800410002704000250006808200160009324000350010924502400014425000120038426000930039630000190048953400540050870000180056270000250058070000310060570000380063671000250067400002323920200930022100.0101130s1969 mx 000 0 spa d aDO-SdBNPbspacBNPHU axxxxbxxxxx10aIstoriia filosofii.lEspañol10aHistoria de la filosofía :bdesde finales del siglo xix hasta la revolución socialista de octubre de 1917 /cRedacción general M. A. Dynnik... [et.al]; traducción José Laín, Augusto Vidal Roget y Adolfo Sánchez Vásquez. a2a. ed. aMéxico, D. F. :beditada por la Academia de CienciasbInstituto de Filosofía,c1969. av. 5 ;c21 cm. aTítulo de la obra en ruso :tIstoriia filosofii1 aDynnik, M. A.1 aLaín, José,etr.1 aVidal Roget, Augusto,etr.1 aSánchez Vásquez, Adolfo,etr.2 aAcademia de Ciencias